| 000 | 00484nam a22001697a 4500 | ||
|---|---|---|---|
| 003 | NUST - PNEC | ||
| 005 | 20170116180937.0 | ||
| 008 | 150906b xxu||||| |||| 00| 0 eng d | ||
| 020 | _a0070252343 | ||
| 040 | _cLIBRARY | ||
| 082 | _a004.68 GUR | ||
| 100 |
_98582 _a Gurewich, Nathan |
||
| 245 |
_aCommunication systems : practical guide to Intel's connectivity designs _cNathan Gurewich |
||
| 260 | _cc.1992 | ||
| 650 |
_98584 _bManaging information system _xMIS |
||
| 942 |
_2ddc _cBK |
||
| 999 |
_c66078 _d66078 |
||